000 00274nam a2200109Ia 4500
005 20251222140039.0
008 251222s1900||||xx |||||||||||||| ||spa||
082 _a190/M26S/Ej.2
100 _aMaritain, Jacques
245 0 _aEl SueƱo de Descartes y otros ensayos
942 _cLIB
999 _c3209
_d3209